| 000 | 00833nam a2200241 i 4500 | ||
|---|---|---|---|
| 001 | 58218 | ||
| 003 | ES-MaACL | ||
| 005 | 20260209170113.0 | ||
| 007 | t| | ||
| 008 | 031021s1966 sp ||||1| spa d | ||
| 100 | 1 |
_aDumont, René, _d1904-2001 _946012 |
|
| 245 | 1 | 3 |
_aEl Africa negra ha empezado mal / _cRené Dumont ; [traducción de Carlos Comas]. |
| 260 |
_aBarcelona : _bSeix Barral, _c1966. |
||
| 300 |
_a315 p., [1] h. pleg. de map. ; _c22 cm. |
||
| 490 | 1 | _aTestimonio | |
| 504 | _aBibliografía: p. 305-307. | ||
| 651 | 7 |
_aÁfrica subsahariana- _xSituación económica- _y1960- _2 _9166128 |
|
| 651 | 4 |
_aÁfrica subsahariana- _xSituación social- _y1960- _9166129 |
|
| 700 | 1 |
_aComas, Carlos. _939932 |
|
| 830 | 0 |
_aTestimonio _9178337 |
|
| 852 |
_aES-MaACL _jC-29702 _bR.60083 |
||
| 999 |
_c58218 _d58218 |
||